Japan in world politics : A study in international dynamics
Zapisane w:
| 1. autor: | |
|---|---|
| Format: | Książka |
| Język: | Undetermined |
| Wydane: |
London
Blackie
1909
|
| Hasła przedmiotowe: | |
| Etykiety: |
Dodaj etykietę
Nie ma etykietki, Dołącz pierwszą etykiete!
|
| Thư viện lưu trữ: | Trung tâm Học liệu Trường Đại học Cần Thơ |
|---|
| LEADER | 00528nam a2200193Ia 4500 | ||
|---|---|---|---|
| 001 | CTU_110256 | ||
| 008 | 210402s9999 xx 000 0 und d | ||
| 082 | |a 327.52 | ||
| 082 | |b D996 | ||
| 100 | |a Dyer, Henry | ||
| 245 | 0 | |a Japan in world politics : | |
| 245 | 2 | |b A study in international dynamics | |
| 245 | 0 | |c Henry Dyer | |
| 260 | |a London | ||
| 260 | |b Blackie | ||
| 260 | |c 1909 | ||
| 650 | |a Japan,Eastern question (Far East) | ||
| 650 | |x Foreign relations | ||
| 980 | |a Trung tâm Học liệu Trường Đại học Cần Thơ | ||